|
|
|
|
| LEADER |
01067nam a2200265 a 4500 |
| 001 |
31995 |
| 003 |
BD-DhAAL |
| 005 |
20171109120146.0 |
| 008 |
171105s2017 bg ||||||b||| 000 0 ben d |
| 999 |
|
|
|c 38521
|d 38521
|
| 020 |
|
|
|a 9789849240457
|
| 040 |
|
|
|a BD-DhAAL
|
| 041 |
|
|
|a BEN
|
| 082 |
|
|
|a 327.2092
|
| 100 |
|
|
|a চৌধুরী, ফারুক
|9 23439
|
| 245 |
|
|
|a অনাবিল মুখচ্ছবি /
|c ফারুক চৌধুরী
|
| 250 |
|
|
|a প্রথম প্রকাশ
|
| 260 |
|
|
|a ঢাকা :
|b প্রথমা,
|c ২০১৭
|
| 300 |
|
|
|a ১৭৫ পৃষ্ঠা ;
|c ২২ সে. মি.
|
| 526 |
|
|
|a AAL
|
| 541 |
|
|
|e 31995
|a Complementary copy from Faruque Chowdhury
|
| 650 |
|
|
|a Diplomats
|x Biography
|z Bangladesh
|9 23440
|
| 650 |
|
|
|a Politics and government
|z Bangladesh
|9 23442
|
| 942 |
|
|
|2 ddc
|c BK
|
| 952 |
|
|
|0 0
|1 0
|2 ddc
|4 0
|6 327_209200000000000_CHO
|7 0
|9 61761
|a BRACUL
|b BRACUL
|c GEN
|d 2017-11-05
|e Complementary copy from Faruque Chowdhury
|g 350.00
|l 0
|o 327.2092 CHO
|p 3010031995
|r 2017-11-05
|t 1
|v 350.00
|w 2017-11-05
|y BK
|